000 00467cam a2200181ua 4500
001 5268
008 120306n ii |||gr||||Z||||||eng
020 _a0-19-501391-3
040 _cMAIN
082 _a821
100 _aKeast, William R.,
_eEditor,
245 1 1 _aSeventeenth century english poetry
_cby William R. Keast
250 _a1st.
260 _aDelhi:
_bOxford university press,
_c1981.
300 _aix;489p:
_c23cm.
653 _aEnglish poetry
942 _cBK
999 _c4450
_d4450